[Event "AUT -U16B"]
[Site "Koestendorf"]
[Date "1998.04.07"]
[Round "4.3"]
[White "Flury, Samuel"]
[Black "Friedmann, Daniel"]
[Result "1/2-1/2"]
[WhiteElo "1878"]
[BlackElo "1932"]
[PlyCount "66"]
[EventDate "1998.04.04"]
[Source "A. Burger"]
[SourceDate "1998.04.10"]

1. d4 d5 2. Nf3 Nf6 3. Bg5 e6 4. e3 Be7 5. Bd3 h6 6. Bh4 O-O 7. Ne5 c5 8. c3
Nbd7 9. f4 Nxe5 10. fxe5 Ne4 11. Bxe7 Qxe7 12. O-O f5 13. Nd2 Qg5 14. Qe2 Bd7
15. Nb3 c4 16. Bxe4 cxb3 17. Bd3 bxa2 18. b3 a6 19. Rxa2 Bc6 20. Rf4 Qe7 21. g4
g5 22. Rf1 f4 23. exf4 Rxf4 24. Rxf4 gxf4 25. Qf3 Qg5 26. h3 Rf8 27. Rh2 Be8
28. h4 Qg7 29. g5 hxg5 30. Rg2 Kh8 31. hxg5 Bg6 32. Qh3+ Qh7 33. Qf3 Qg7
1/2-1/2

[Event "AUT -U16B"]
[Site "Koestendorf"]
[Date "1998.04.07"]
[Round "4.4"]
[White "Sprenger, Wendelin"]
[Black "Kutschker, Roman"]
[Result "1-0"]
[WhiteElo "1896"]
[BlackElo "1706"]
[PlyCount "57"]
[EventDate "1998.04.04"]
[Source "A. Burger"]
[SourceDate "1998.04.10"]

1. c4 e5 2. Nc3 Nc6 3. g3 d6 4. Bg2 Nge7 5. e3 g6 6. Nge2 Bg7 7. O-O O-O 8. d4
exd4 9. Nxd4 Bd7 10. Nc2 Be6 11. Nd5 Na5 12. Na3 c6 13. Nxe7+ Qxe7 14. Qa4 Qc7
15. Bd2 Nxc4 16. Nxc4 b5 17. Qa5 Qd8 18. Qxd8 Raxd8 19. Na5 c5 20. Bc3 Bxc3 21.
bxc3 d5 22. Rfd1 Rd7 23. Rd2 Rfd8 24. Rad1 b4 25. cxb4 cxb4 26. Nc6 Rc8 27.
Nxb4 Kg7 28. Bxd5 Rcd8 29. Nc6 1-0

[Event "AUT -U16B"]
[Site "Koestendorf"]
[Date "1998.04.07"]
[Round "4.5"]
[White "Blocher, Joachim"]
[Black "Hupfer, Robert"]
[Result "1/2-1/2"]
[WhiteElo "1767"]
[BlackElo "1854"]
[PlyCount "127"]
[EventDate "1998.04.04"]
[Source "A. Burger"]
[SourceDate "1998.04.10"]

1. d4 d5 2. c4 e6 3. Nc3 Nf6 4. Bg5 Nbd7 5. Nf3 c6 6. e3 Be7 7. Rc1 O-O 8. Bd3
dxc4 9. Bxc4 b5 10. Bd3 a6 11. O-O Bb7 12. Ne4 Nxe4 13. Bxe7 Qxe7 14. Bxe4 Rac8
15. Nd2 f5 16. Bf3 Rf6 17. Nb3 e5 18. Na5 Ba8 19. d5 e4 20. Nxc6 Bxc6 21. dxc6
Rfxc6 22. Rxc6 Rxc6 23. Be2 Nb6 24. Qd4 Qd6 25. Qxd6 Rxd6 26. Rd1 Rc6 27. Kf1
Rc2 28. Rb1 Na4 29. Bd1 Rxb2 30. Bb3+ Kf8 31. Rc1 Nb6 32. Rc6 Nc4 33. Bxc4 bxc4
34. Rxa6 c3 35. Rc6 c2 36. Ke1 Rxa2 37. h3 g5 38. g4 f4 39. Rc7 Rb2 40. Kd2
c1=Q+ 41. Kxc1 Rxf2 42. Rc4 fxe3 43. Rxe4 Rf3 44. Kd1 Rxh3 45. Ke2 Rg3 46. Ra4
h6 47. Ra8+ Kf7 48. Ra7+ Kf6 49. Ra6+ Ke5 50. Ra5+ Kd4 51. Ra4+ Kd5 52. Ra5+
Kc4 53. Ra4+ Kb5 54. Re4 Kc5 55. Ra4 Rh3 56. Re4 Kd5 57. Ra4 Ke5 58. Rb4 h5 59.
gxh5 Kf5 60. h6 Rxh6 61. Kxe3 Rh3+ 62. Kf2 Rc3 63. Kg2 g4 64. Rb8 1/2-1/2

[Event "AUT -U16B"]
[Site "Koestendorf"]
[Date "1998.04.07"]
[Round "4.6"]
[White "Jahrer, Michael"]
[Black "Webersberger, Johann"]
[Result "1/2-1/2"]
[WhiteElo "1874"]
[BlackElo "1749"]
[PlyCount "86"]
[EventDate "1998.04.04"]
[Source "A. Burger"]
[SourceDate "1998.04.10"]

1. d4 Nf6 2. c4 e6 3. Nc3 Bb4 4. Qc2 Bxc3+ 5. Qxc3 Ne4 6. Qc2 d5 7. Bf4 O-O 8.
cxd5 Qxd5 9. Nf3 Nc6 10. e3 e5 11. Bxe5 Bf5 12. Qa4 a6 13. Bc4 Qd7 14. Qd1 b5
15. Be2 f6 16. Bg3 Nb4 17. O-O Qf7 18. Nh4 Be6 19. Bd3 f5 20. b3 c5 21. Nf3
Nxd3 22. Qxd3 c4 23. Qd1 c3 24. Ne5 Qb7 25. b4 Rac8 26. Qc2 g5 27. f3 Nd2 28.
Rfd1 Qe7 29. Be1 Nc4 30. Nxc4 Rxc4 31. Rd3 Rfc8 32. d5 Bd7 33. a3 g4 34. fxg4
fxg4 35. Rc1 Bf5 36. e4 Rxe4 37. Qf2 Re2 38. Qxf5 Rxe1+ 39. Kf2 Re2+ 40. Kg3
Re3+ 41. Rxe3 Qxe3+ 42. Kh4 Qh6+ 43. Kg3 Qe3+ 1/2-1/2

[Event "AUT -U16B"]
[Site "Koestendorf"]
[Date "1998.04.07"]
[Round "4.7"]
[White "Wolfram, Bernd"]
[Black "Unterlass, Fabian"]
[Result "1-0"]
[WhiteElo "1791"]
[BlackElo "1830"]
[PlyCount "39"]
[EventDate "1998.04.04"]
[Source "A. Burger"]
[SourceDate "1998.04.10"]

1. e4 d5 2. exd5 Nf6 3. d4 Nxd5 4. Nf3 Bg4 5. Bc4 c6 6. O-O e6 7. c3 Bd6 8. h3
Bh5 9. Nbd2 Nd7 10. Ne4 Be7 11. Be2 Qc7 12. Re1 O-O 13. Bg5 N7f6 14. Nfd2 Bg6
15. Bf1 Rfc8 16. c4 Nxe4 17. Nxe4 Bxe4 18. Bxe7 Bxg2 19. cxd5 Bxf1 20. d6 1-0

[Event "AUT -U16B"]
[Site "Koestendorf"]
[Date "1998.04.07"]
[Round "4.8"]
[White "Wagner, Stephan"]
[Black "Zechner, Guenther"]
[Result "1/2-1/2"]
[WhiteElo "1816"]
[BlackElo "1625"]
[PlyCount "51"]
[EventDate "1998.04.04"]
[Source "A. Burger"]
[SourceDate "1998.04.10"]

1. d4 Nf6 2. c4 g6 3. Nc3 Bg7 4. e4 d6 5. f3 O-O 6. Be3 Nbd7 7. Bd3 c5 8. d5 a6
9. Nge2 Rb8 10. Qd2 Ne5 11. O-O Bd7 12. Rab1 b5 13. b3 Qa5 14. f4 Neg4 15. Nd1
Qxd2 16. Bxd2 bxc4 17. bxc4 Rxb1 18. Bxb1 Rb8 19. Bc2 Ne8 20. h3 Nh6 21. Bc3
Bxc3 22. Nexc3 f6 23. Ne3 Nf7 24. Kh2 Nc7 25. Rb1 Rxb1 26. Bxb1 1/2-1/2

[Event "AUT -U16B"]
[Site "Koestendorf"]
[Date "1998.04.08"]
[Round "5.2"]
[White "Eder, Martin"]
[Black "Hummel, Markus"]
[Result "0-1"]
[WhiteElo "1781"]
[BlackElo "2106"]
[PlyCount "48"]
[EventDate "1998.04.04"]
[Source "A. Burger"]
[SourceDate "1998.04.10"]

1. e4 c5 2. Nf3 d6 3. d4 cxd4 4. Nxd4 Nf6 5. Nc3 g6 6. Be3 Bg7 7. f3 Nc6 8. Qd2
O-O 9. g4 Nxd4 10. Bxd4 Be6 11. h4 Qa5 12. h5 Rfc8 13. Bb5 Rxc3 14. Be2 Nxe4
15. fxe4 Bxd4 16. Kd1 Qe5 17. bxc3 Bxc3 18. Qh6 Qd4+ 19. Bd3 Bxg4+ 20. Kc1 Bb2+
21. Kb1 Ba3 22. Qxh7+ Kxh7 23. hxg6+ Kxg6 24. e5+ Kg5 0-1

[Event "AUT -U16B"]
[Site "Koestendorf"]
[Date "1998.04.08"]
[Round "5.3"]
[White "Herbst, Daniel"]
[Black "Sprenger, Wendelin"]
[Result "1-0"]
[WhiteElo "1979"]
[BlackElo "1896"]
[PlyCount "33"]
[EventDate "1998.04.04"]
[Source "A. Burger"]
[SourceDate "1998.04.10"]

1. e4 e6 2. d3 d5 3. Nd2 c5 4. Ngf3 Nc6 5. g3 Nf6 6. Bg2 Be7 7. O-O O-O 8. e5
Nd7 9. Re1 Rb8 10. Nf1 b5 11. h4 Qc7 12. Bf4 d4 13. N1h2 Nb6 14. Ng5 h6 15. Qh5
Nd8 16. Ng4 Re8 17. Nf6+ 1-0

[Event "AUT -U16B"]
[Site "Koestendorf"]
[Date "1998.04.08"]
[Round "5.4"]
[White "Friedmann, Daniel"]
[Black "Blocher, Joachim"]
[Result "1/2-1/2"]
[WhiteElo "1932"]
[BlackElo "1767"]
[PlyCount "92"]
[EventDate "1998.04.04"]
[Source "A. Burger"]
[SourceDate "1998.04.10"]

1. d4 d5 2. c4 e6 3. Nc3 Nf6 4. Bg5 Be7 5. Nf3 O-O 6. e3 Nbd7 7. Bd3 c6 8. O-O
dxc4 9. Bxc4 Nd5 10. Bxe7 Qxe7 11. e4 Nxc3 12. bxc3 e5 13. Qc2 exd4 14. cxd4
Nf6 15. e5 Nd5 16. Bxd5 cxd5 17. Rfc1 Bg4 18. Qc7 Qa3 19. Qc5 Qxc5 20. Rxc5
Rfd8 21. h3 Bd7 22. Rxd5 Bc6 23. Rxd8+ Rxd8 24. Rd1 Kf8 25. Nh2 Ke7 26. Nf1 Ke6
27. Ne3 Bd5 28. Rd2 b5 29. f4 Be4 30. Kf2 a5 31. g4 g6 32. g5 b4 33. Nc4 a4 34.
Ke3 Bd5 35. Nb6 b3 36. Nxd5 Kxd5 37. axb3 axb3 38. Kd3 Rb8 39. Rb2 Rb7 40. Kc3
Rb8 41. h4 Rc8+ 42. Kxb3 Kxd4 43. Rd2+ Ke3 44. Rd7 Kxf4 45. Rxf7+ Kxe5 46. Rxh7
Kf5 1/2-1/2

[Event "AUT -U16B"]
[Site "Koestendorf"]
[Date "1998.04.08"]
[Round "5.5"]
[White "Hupfer, Robert"]
[Black "Wolfram, Bernd"]
[Result "1-0"]
[WhiteElo "1854"]
[BlackElo "1791"]
[PlyCount "49"]
[EventDate "1998.04.04"]
[Source "A. Burger"]
[SourceDate "1998.04.10"]

1. d4 Nf6 2. c4 g6 3. Nc3 Bg7 4. e4 d6 5. f3 O-O 6. Be3 Nc6 7. Qd2 a6 8. O-O-O
Rb8 9. Bh6 Bd7 10. h4 b5 11. h5 Na5 12. hxg6 fxg6 13. Bxg7 Kxg7 14. Nd5 Nxc4
15. Qh6+ Kg8 16. Nxf6+ Rxf6 17. Qxh7+ Kf8 18. Qh8+ Kf7 19. Rh7+ Ke6 20. Bxc4+
bxc4 21. d5+ Ke5 22. Qg7 Ba4 23. Rd2 c6 24. Ne2 Rb7 25. Rh5+ 1-0

[Event "AUT -U16B"]
[Site "Koestendorf"]
[Date "1998.04.08"]
[Round "5.6"]
[White "Webersberger, Johann"]
[Black "Kutschker, Roman"]
[Result "1-0"]
[WhiteElo "1749"]
[BlackElo "1706"]
[PlyCount "37"]
[EventDate "1998.04.04"]
[Source "A. Burger"]
[SourceDate "1998.04.10"]

1. e4 e5 2. Nf3 Nc6 3. Bb5 a6 4. Bxc6 dxc6 5. O-O Bg4 6. h3 Bxf3 7. Qxf3 Bc5 8.
d3 Ne7 9. Nc3 O-O 10. Be3 Bd4 11. Ne2 Bxe3 12. Qxe3 Ng6 13. d4 exd4 14. Nxd4
Qe7 15. Rfe1 Qe5 16. c3 Rfe8 17. g3 Qh5 18. Kg2 Ne7 19. f4 1-0

[Event "AUT -U16B"]
[Site "Koestendorf"]
[Date "1998.04.08"]
[Round "5.7"]
[White "Zechner, Guenther"]
[Black "Jahrer, Michael"]
[Result "0-1"]
[WhiteElo "1625"]
[BlackElo "1874"]
[PlyCount "76"]
[EventDate "1998.04.04"]
[Source "A. Burger"]
[SourceDate "1998.04.10"]

1. Nf3 c5 2. e4 b6 3. b4 cxb4 4. d4 Bb7 5. Bd3 Nf6 6. Nbd2 d5 7. Qe2 dxe4 8.
Nxe4 Nxe4 9. Bxe4 Bxe4 10. Qxe4 Nd7 11. a3 e6 12. O-O bxa3 13. Bxa3 Bxa3 14.
Rxa3 O-O 15. c4 Qc7 16. Rc1 Rfc8 17. Ng5 Nf6 18. Qh4 h6 19. Nf3 Qd6 20. Rb3 Rc7
21. Ne5 Nd7 22. Qf4 Nxe5 23. dxe5 Qd7 24. Rg3 Rd8 25. Qg4 g6 26. h4 Qd4 27. h5
Qxg4 28. Rxg4 Kg7 29. Rc3 g5 30. Ra3 a5 31. Rb3 Ra7 32. Rgg3 a4 33. Rxb6 Rd1+
34. Kh2 a3 35. c5 a2 36. c6 a1=Q 37. Rgb3 Qxe5+ 38. g3 Raa1 0-1

[Event "AUT -U16B"]
[Site "Koestendorf"]
[Date "1998.04.08"]
[Round "5.8"]
[White "Unterlass, Fabian"]
[Black "Wagner, Stephan"]
[Result "1/2-1/2"]
[WhiteElo "1830"]
[BlackElo "1816"]
[PlyCount "88"]
[EventDate "1998.04.04"]
[Source "A. Burger"]
[SourceDate "1998.04.10"]

1. e4 c5 2. Nc3 e6 3. f4 a6 4. Nf3 Nc6 5. d3 b5 6. g3 Bb7 7. Bg2 d6 8. O-O Nf6
9. Ng5 h6 10. Nh3 Be7 11. f5 e5 12. Nf2 Qc7 13. Ng4 Nd4 14. Nxf6+ Bxf6 15. Nd5
Qd8 16. c3 Nc6 17. Qh5 Nb8 18. Nxf6+ Qxf6 19. h4 Rg8 20. g4 g5 21. fxg6 Qxg6
22. Bxh6 Qxh5 23. gxh5 Rh8 24. Bg5 Rxh5 25. Rf6 Nd7 26. Rxd6 f6 27. Bxf6 Nxf6
28. Rxf6 O-O-O 29. Rf3 Rxh4 30. Rh3 Rg4 31. Re1 c4 32. Ree3 cxd3 33. Rxd3 Rxd3
34. Rxd3 Bxe4 35. Rd2 Kc7 36. Kf1 Bxg2+ 37. Rxg2 Rxg2 38. Kxg2 Kc6 39. Kf3 Kd5
40. b3 a5 41. Ke3 a4 42. Kd3 axb3 43. axb3 e4+ 44. Ke3 Ke5 1/2-1/2

[Event "AUT -U16B"]
[Site "Koestendorf"]
[Date "1998.04.09"]
[Round "6.1"]
[White "Hummel, Markus"]
[Black "Friedmann, Daniel"]
[Result "1/2-1/2"]
[WhiteElo "2106"]
[BlackElo "1932"]
[PlyCount "103"]
[EventDate "1998.04.04"]
[Source "A. Burger"]
[SourceDate "1998.04.10"]

1. e4 d5 2. exd5 Qxd5 3. Nc3 Qa5 4. d4 c6 5. Bc4 Nf6 6. Nf3 Bf5 7. O-O e6 8.
Bf4 Be7 9. Qe2 O-O 10. a3 Nbd7 11. Rfd1 Nd5 12. Nxd5 cxd5 13. Bd3 Bxd3 14. Rxd3
Rac8 15. Ng5 Bxg5 16. Bxg5 Qc7 17. Rc1 Rfe8 18. Rc3 Qb6 19. Rxc8 Rxc8 20. c3
Qb3 21. Qc2 Qxc2 22. Rxc2 b5 23. Kf1 Kf8 24. Ke2 Nb6 25. Kd3 a5 26. b3 Ke8 27.
Bc1 Kd7 28. Re2 a4 29. b4 Nc4 30. f3 f6 31. f4 h5 32. g3 Nd6 33. Bd2 Ne4 34.
Be1 g5 35. Rg2 Rg8 36. Bd2 Nxd2 37. Rxd2 gxf4 38. gxf4 Rg1 39. Re2 h4 40. Ke3
h3 41. Rf2 Ra1 42. Rf3 Rxa3 43. Kd3 Ra1 44. Rxh3 Rf1 45. Rh7+ Kc6 46. Re7 Kd6
47. Rb7 Kc6 48. Re7 Re1 49. h4 Kb6 50. Kd2 a3 51. Kxe1 a2 52. Rxe6+ 1/2-1/2

[Event "AUT -U16B"]
[Site "Koestendorf"]
[Date "1998.04.09"]
[Round "6.2"]
[White "Burschowsky, Matthias"]
[Black "Herbst, Daniel"]
[Result "1/2-1/2"]
[WhiteElo "2012"]
[BlackElo "1979"]
[PlyCount "83"]
[EventDate "1998.04.04"]
[Source "A. Burger"]
[SourceDate "1998.04.10"]

1. Nf3 Nf6 2. g3 g6 3. Bg2 Bg7 4. O-O O-O 5. d3 d6 6. c4 e5 7. Nc3 Nc6 8. Rb1
a5 9. a3 Nh5 10. b4 h6 11. Nd5 axb4 12. axb4 Ne7 13. Bb2 f5 14. e4 Nf6 15. Nd2
Nfxd5 16. cxd5 c6 17. dxc6 bxc6 18. Nc4 f4 19. gxf4 Rxf4 20. Bc1 Rf8 21. f4
exf4 22. Rxf4 d5 23. Rxf8+ Qxf8 24. Na5 dxe4 25. dxe4 c5 26. Qb3+ Qf7 27. Bd2
Qxb3 28. Nxb3 cxb4 29. Bxb4 Kf7 30. Rf1+ Ke8 31. Na5 Be6 32. Rc1 Rc8 33. Rxc8+
Bxc8 34. Bf1 Bd7 35. Nb7 Be5 36. Nd6+ Kf8 37. Bd3 Nc6 38. Ba3 Kg7 39. Nc4 Bd4+
40. Kg2 Ne5 41. Nxe5 Bxe5 42. Bc5 1/2-1/2

[Event "AUT -U16B"]
[Site "Koestendorf"]
[Date "1998.04.09"]
[Round "6.3"]
[White "Flury, Samuel"]
[Black "Hupfer, Robert"]
[Result "1-0"]
[WhiteElo "1878"]
[BlackElo "1854"]
[PlyCount "75"]
[EventDate "1998.04.04"]
[Source "A. Burger"]
[SourceDate "1998.04.10"]

1. d4 d5 2. Nf3 Nf6 3. Bg5 e6 4. e3 Be7 5. Bd3 h6 6. Bf4 O-O 7. Nbd2 Nbd7 8.
Qe2 c5 9. c3 b6 10. Ne5 Nxe5 11. dxe5 Nd7 12. h4 c4 13. Bc2 b5 14. Bxh6 Nxe5
15. Bf4 Nd7 16. g4 Bb7 17. Rh2 e5 18. Bg3 e4 19. g5 Nc5 20. O-O-O b4 21. cxb4
Nd3+ 22. Bxd3 cxd3 23. Qg4 a5 24. b5 Qb6 25. Nb3 Qxb5 26. Nd4 Qb6 27. Be5 Bc8
28. Qg3 Bd7 29. h5 Rfc8+ 30. Kb1 Ba3 31. f4 Bd6 32. Bxd6 Qxd6 33. g6 Qf6 34. f5
Rc7 35. Qxc7 Ba4 36. Qxf7+ Qxf7 37. gxf7+ Kxf7 38. b3 1-0

[Event "AUT -U16B"]
[Site "Koestendorf"]
[Date "1998.04.09"]
[Round "6.4"]
[White "Jahrer, Michael"]
[Black "Eder, Martin"]
[Result "1-0"]
[WhiteElo "1874"]
[BlackElo "1781"]
[PlyCount "151"]
[EventDate "1998.04.04"]
[Source "A. Burger"]
[SourceDate "1998.04.10"]

1. d4 d5 2. c4 e6 3. Nc3 Be7 4. Nf3 c6 5. cxd5 exd5 6. Bf4 Bf5 7. Qb3 Qb6 8.
Qxb6 axb6 9. e3 h6 10. Be2 Nf6 11. a3 Nbd7 12. O-O Nh5 13. Be5 Nhf6 14. Bg3 O-O
15. h3 Ne8 16. Nd2 Bd6 17. Bxd6 Nxd6 18. Rfe1 Rfe8 19. Rac1 Kf8 20. Bd1 b5 21.
Bc2 Bxc2 22. Rxc2 Re7 23. Kf1 Nb6 24. Nb3 Na4 25. Nc5 Nxc5 26. dxc5 Ne4 27. Ne2
Ra4 28. f3 Nf6 29. Kf2 Ra8 30. Nd4 g6 31. Ra1 Rae8 32. Rc3 Nd7 33. Nc2 Ra8 34.
b3 Ra5 35. Re1 Ra8 36. Ra1 Kg7 37. Rd1 f5 38. Rd4 Nf6 39. a4 bxa4 40. Rxa4 Rxa4
41. bxa4 Nd7 42. Nd4 Kf6 43. Nb3 Nb8 44. Na5 Na6 45. g3 Ke5 46. Nb3 Ke6 47. Ke2
Kd7 48. Kd3 Re8 49. Kd4 Nb4 50. Rc1 Ra8 51. a5 Re8 52. Nd2 Kc7 53. Rb1 Nc2+ 54.
Kd3 Na3 55. Rb3 Nb5 56. Rb4 Na3 57. Rb3 Nb5 58. Rb4 Kb8 59. g4 Rf8 60. Rf4 Re8
61. gxf5 g5 62. Rg4 Rf8 63. e4 Ka7 64. h4 gxh4 65. Rxh4 Rh8 66. e5 Rf8 67. f6
Ka6 68. Rxh6 Kxa5 69. e6 Nc7 70. Nb3+ Kb4 71. Nd4 Kxc5 72. e7 Rf7 73. Ne6+ Nxe6
74. e8=Q Nf4+ 75. Kc2 Rc7 76. f7 1-0

[Event "AUT -U16B"]
[Site "Koestendorf"]
[Date "1998.04.09"]
[Round "6.5"]
[White "Webersberger, Johann"]
[Black "Blocher, Joachim"]
[Result "1-0"]
[WhiteElo "1749"]
[BlackElo "1767"]
[PlyCount "87"]
[EventDate "1998.04.04"]
[Source "A. Burger"]
[SourceDate "1998.04.10"]

1. e4 e5 2. Nf3 Nf6 3. Nxe5 d6 4. Nf3 Nxe4 5. d4 d5 6. Bd3 Bd6 7. O-O O-O 8. c4
c6 9. Nc3 Nxc3 10. bxc3 h6 11. Rb1 Nd7 12. Re1 Nf6 13. Ne5 Re8 14. Bf4 Rb8 15.
Qf3 Be6 16. c5 Bc7 17. a4 Qc8 18. Bxh6 Bxe5 19. dxe5 Bg4 20. Qf4 Nh5 21. Qg5
Qe6 22. h3 Qxh6 23. Qxh6 gxh6 24. hxg4 Nf4 25. Bf5 Re7 26. g3 Ne6 27. Bxe6 Rxe6
28. Kg2 Kg7 29. a5 a6 30. f4 Re7 31. f5 Kh7 32. Kf3 Rd8 33. Rb4 Rc7 34. Kf4
Rcd7 35. g5 d4 36. g6+ fxg6 37. e6 Rd5 38. Rxb7+ Kg8 39. g4 dxc3 40. f6 g5+ 41.
Ke4 Rc8 42. Rf1 Rdd8 43. f7+ Kh8 44. e7 1-0

[Event "AUT -U16B"]
[Site "Koestendorf"]
[Date "1998.04.09"]
[Round "6.6"]
[White "Sprenger, Wendelin"]
[Black "Unterlass, Fabian"]
[Result "1-0"]
[WhiteElo "1896"]
[BlackElo "1830"]
[PlyCount "52"]
[EventDate "1998.04.04"]
[Source "A. Burger"]
[SourceDate "1998.04.10"]

1. c4 e5 2. Nc3 f5 3. g3 Nf6 4. Bg2 Bb4 5. Qc2 Bxc3 6. Qxc3 d6 7. d3 O-O 8. e3
Nc6 9. Ne2 e4 10. d4 a5 11. a3 Ne7 12. d5 Ng6 13. h4 Ne5 14. Nf4 c6 15. Bd2 Bd7
16. Ke2 b5 17. dxc6 Nxc6 18. cxb5 Ne5 19. a4 Re8 20. b4 axb4 21. Qxb4 Qb6 22.
Rab1 Reb8 23. Rhc1 Rxa4 24. Qxa4 Bxb5+ 25. Rxb5 Qxb5+ 26. Qxb5 Rxb5 1-0

[Event "AUT -U16B"]
[Site "Koestendorf"]
[Date "1998.04.09"]
[Round "6.7"]
[White "Wolfram, Bernd"]
[Black "Wagner, Stephan"]
[Result "1/2-1/2"]
[WhiteElo "1791"]
[BlackElo "1816"]
[PlyCount "66"]
[EventDate "1998.04.04"]
[Source "A. Burger"]
[SourceDate "1998.04.10"]

1. e4 c5 2. Nf3 a6 3. c4 Nc6 4. d4 cxd4 5. Nxd4 e6 6. Be3 Nf6 7. Nc3 Bb4 8. Bd3
O-O 9. O-O d6 10. a3 Bxc3 11. bxc3 Ne5 12. f3 Nxd3 13. Qxd3 Qc7 14. Ne2 e5 15.
Rfd1 Be6 16. Qxd6 Qxd6 17. Rxd6 Bxc4 18. Kf2 Rfd8 19. Rad1 Rxd6 20. Rxd6 Rc8
21. Bb6 Kf8 22. Rd8+ Rxd8 23. Bxd8 Nd7 24. Ke3 f6 25. Nc1 Nc5 26. Bb6 Na4 27.
Ba5 b6 28. Bb4+ Kf7 29. Kd2 a5 30. Bd6 Ke6 31. Bf8 Kf7 32. Bd6 Ke6 33. Bf8 Kf7
1/2-1/2

[Event "AUT -U16B"]
[Site "Koestendorf"]
[Date "1998.04.09"]
[Round "6.8"]
[White "Kutschker, Roman"]
[Black "Zechner, Guenther"]
[Result "1-0"]
[WhiteElo "1706"]
[BlackElo "1625"]
[PlyCount "97"]
[EventDate "1998.04.04"]
[Source "A. Burger"]
[SourceDate "1998.04.10"]

1. c4 Nf6 2. Nc3 g6 3. d4 Bg7 4. e4 d6 5. f4 O-O 6. Nf3 Nbd7 7. Bd3 e5 8. fxe5
dxe5 9. d5 a5 10. Bg5 Qe8 11. O-O Nh5 12. Nb5 12... f6 {} 13. Nxc7 Qd8 14.
Nxa8 fxg5 15. Bc2 Nc5 16. Qd2 h6 17. b4 axb4 18. Qxb4 Na6 19. Qb6 Bg4 20. Qxd8
Rxd8 21. Nb6 Nc5 22. Na4 Rc8 23. Nb2 Nf4 24. Rae1 Bd7 25. Bb3 b5 26. Nd2 bxc4
27. Ndxc4 Bb5 28. Nd6 Bxf1 29. Nxc8 Bxg2 30. d6+ Nxb3 31. axb3 Bh3 32. Ne7+ Kf7
33. Nc4 Nd3 34. Re3 Nf4 35. b4 Be6 36. Nb6 Bf8 37. Nbc8 Bxc8 38. Nxc8 Ke6 39.
Ra3 Ne2+ 40. Kf2 Nd4 41. Ra5 Kd7 42. Ra8 Nb5 43. Nb6+ Kc6 44. Rxf8 Nxd6 45. Rf6
Kxb6 46. Rxd6+ Kb5 47. Rxg6 Kxb4 48. Rxh6 Kc4 49. Ke3 1-0

[Event "AUT -U16B"]
[Site "Koestendorf"]
[Date "1998.04.10"]
[Round "7.1"]
[White "Herbst, Daniel"]
[Black "Flury, Samuel"]
[Result "1-0"]
[WhiteElo "1979"]
[BlackElo "1878"]
[PlyCount "59"]
[EventDate "1998.04.04"]
[Source "A. Burger"]
[SourceDate "1998.04.10"]

1. e4 g6 2. d4 Bg7 3. Nc3 d6 4. g3 Nc6 5. Be3 e5 6. dxe5 Bxe5 7. Nge2 Nge7 8.
Bg2 Bg7 9. f4 f5 10. Nd4 fxe4 11. Bxe4 Bd7 12. Qd2 Nf5 13. Nxf5 gxf5 14. Bf3 h5
15. Qe2 Bxc3+ 16. bxc3 16... Qe7 {} 17. Bxh5+ Kd8 18. Bf3 Re8 19. Kf2 Kc8 20.
Rae1 Qf6 21. Qd3 b6 22. Bd4 Qf7 23. Rxe8+ Bxe8 24. Qa6+ Kd8 25. Re1 Bd7 26. Qa3
Rb8 27. Qb3 Qh7 28. Bf6+ Kc8 29. h4 Kb7 30. Re7 1-0

[Event "AUT -U16B"]
[Site "Koestendorf"]
[Date "1998.04.10"]
[Round "7.2"]
[White "Jahrer, Michael"]
[Black "Hummel, Markus"]
[Result "1/2-1/2"]
[WhiteElo "1874"]
[BlackElo "2106"]
[PlyCount "146"]
[EventDate "1998.04.04"]
[Source "A. Burger"]
[SourceDate "1998.04.10"]

1. d4 Nf6 2. c4 g6 3. g3 Bg7 4. Bg2 O-O 5. Nc3 d6 6. Nf3 Nbd7 7. O-O e5 8. b3
Re8 9. Qc2 exd4 10. Nxd4 Ne5 11. Rd1 Rb8 12. h3 Bd7 13. Bb2 Nc6 14. Nd5 a6 15.
Rac1 Nh5 16. Nxc6 bxc6 17. Bxg7 Nxg7 18. Nc3 Ne6 19. f4 Qf6 20. Ne4 Qg7 21. Qc3
Qxc3 22. Nxc3 f5 23. e4 fxe4 24. Nxe4 Kg7 25. Rc2 Re7 26. Re2 Rbe8 27. Nc3 Nc5
28. Rxe7+ Rxe7 29. b4 Ne6 30. Re1 Kf7 31. Re4 Re8 32. a3 Rb8 33. Kf2 a5 34. Na2
axb4 35. Nxb4 c5 36. Nd5 c6 37. Ne3 Rb2+ 38. Kf1 Rb1+ 39. Kf2 Rb2+ 40. Kf1 Ra2
41. f5 Nd4 42. Rh4 Kg7 43. f6+ Kxf6 44. Rxh7 Be6 45. Ra7 Re2 46. Ng4+ Bxg4 47.
hxg4 Rc2 48. Rd7 Ke6 49. Rg7 Rxc4 50. Rxg6+ Ke5 51. Rg8 Rc3 52. a4 Rxg3 53. a5
Ra3 54. Ra8 Kf4 55. a6 Kg3 56. Ke1 Kxg2 57. g5 Rg3 58. Rg8 Nb5 59. g6 c4 60. g7
c5 61. Kd2 Rg6 62. Rb8 Rxg7 63. Rxb5 Ra7 64. Rb6 d5 65. Rc6 Kf3 66. Rxc5 Ke4
67. Ra5 d4 68. Ra4 Kd5 69. Ra5+ Kc6 70. Kc2 Kb6 71. Rd5 {} 71... Kxa6 72. Rxd4
Kb5 73. Rd8 Ra2+ 1/2-1/2

[Event "AUT -U16B"]
[Site "Koestendorf"]
[Date "1998.04.10"]
[Round "7.3"]
[White "Friedmann, Daniel"]
[Black "Burschowsky, Matthias"]
[Result "0-1"]
[WhiteElo "1932"]
[BlackElo "2012"]
[PlyCount "68"]
[EventDate "1998.04.04"]
[Source "A. Burger"]
[SourceDate "1998.04.10"]

1. d4 Nf6 2. Nf3 g6 3. g3 Bg7 4. Bg2 O-O 5. O-O d6 6. b3 Nbd7 7. Bb2 c5 8. c4
Rb8 9. Nc3 a6 10. a4 Ne8 11. e3 Nc7 12. Qe2 b6 13. Rfd1 Bb7 14. e4 cxd4 15.
Nxd4 Nc5 16. Qc2 N7e6 17. Nd5 Bxd5 18. exd5 Nxd4 19. Bxd4 Bxd4 20. Rxd4 Qc7 21.
b4 Nd7 22. Qe2 Nf6 23. Bh3 Rfe8 24. Rc1 b5 25. c5 dxc5 26. bxc5 {} 26... b4
27. Qxa6 b3 28. Qc4 b2 29. Rb1 Red8 30. Rd2 Qe5 31. Qc2 Rxd5 32. Rxd5 Nxd5 33.
c6 Nc3 34. Rxb2 Rxb2 0-1

[Event "AUT -U16B"]
[Site "Koestendorf"]
[Date "1998.04.10"]
[Round "7.4"]
[White "Sprenger, Wendelin"]
[Black "Webersberger, Johann"]
[Result "1/2-1/2"]
[WhiteElo "1896"]
[BlackElo "1749"]
[PlyCount "78"]
[EventDate "1998.04.04"]
[Source "A. Burger"]
[SourceDate "1998.04.10"]

1. c4 Nf6 2. g3 c6 3. Bg2 d5 4. Nf3 Bf5 5. O-O e6 6. d3 Bd6 7. Nh4 Bg6 8. Nd2
Nbd7 9. Nxg6 hxg6 10. e4 dxe4 11. Nxe4 Nxe4 12. dxe4 Qc7 13. Be3 O-O-O 14. Qe2
e5 15. Rfd1 f5 16. Bd2 Rh7 17. Bg5 Rdh8 18. h4 Nf8 19. Qd3 Bc5 20. exf5 gxf5
21. Qxf5+ Nd7 22. Bh3 Bd4 23. Be3 c5 24. Bxd4 cxd4 25. Re1 Rh5 26. Qe6 Kd8 27.
Bg4 Re8 28. Qxd7+ Qxd7 29. Bxd7 Kxd7 30. Re4 g5 31. hxg5 Rxg5 32. Rd1 Rc8 33.
b3 Kd6 34. Rd3 Rf8 35. f4 exf4 36. Rdxd4+ Kc6 37. Rxf4 Rxg3+ 38. Kf2 Rxf4+ 39.
Rxf4 Rc3 1/2-1/2

[Event "AUT -U16B"]
[Site "Koestendorf"]
[Date "1998.04.10"]
[Round "7.6"]
[White "Zechner, Guenther"]
[Black "Eder, Martin"]
[Result "0-1"]
[WhiteElo "1625"]
[BlackElo "1781"]
[PlyCount "56"]
[EventDate "1998.04.04"]
[Source "A. Burger"]
[SourceDate "1998.04.10"]

1. Nf3 b6 2. g3 Bb7 3. Bg2 Nf6 4. d4 e6 5. c4 c5 6. e3 d5 7. O-O Nc6 8. cxd5
Nxd5 9. e4 Nf6 10. dxc5 Bxc5 11. Qxd8+ Rxd8 12. Bg5 h6 13. Bxf6 gxf6 14. Nc3
Ke7 15. Rad1 Ne5 16. Nxe5 fxe5 17. b3 Ba6 18. Rxd8 Rxd8 19. Rd1 19... Bd4 {}
20. Nb1 Bxf2+ 21. Kxf2 Rxd1 22. Nc3 Rd2+ 23. Kg1 Rc2 24. Na4 Rxa2 25. Bf3 Rc2
26. g4 b5 27. Bd1 Rc1 28. Nb2 Rb1 0-1